Normal view
MARC view
- Personality.
Entry Topical Term
001 - CONTROL NUMBER
- control field: 41034
003 - CONTROL NUMBER IDENTIFIER
- control field: OSt
005 - DATE AND TIME OF LATEST TRANSACTION
- control field: 20200107154806.0
008 - FIXED-LENGTH DATA ELEMENTS
- fixed length control field: 200107|| aca||aabn | a|a d
040 ## - CATALOGING SOURCE
- Original cataloging agency: OSt
- Transcribing agency: OSt
150 ## - HEADING--TOPICAL TERM
- Topical term or geographic name entry element: Personality.
670 ## - SOURCE DATA FOUND
- Source citation: Work cat.: (OSt)14488: 40022 Jia, Lile., Depletion suspends the comparator mechanism in monitoring: , ©2016.
